Życie Gandhiego - Statystyki

Ogólne statystyki
  • Ten quiz został rozwiązany 11 razy
  • Średni wynik to 8 z 18
Statystyki odpowiedzi
Wskazówka Odpowiedź % Poprawnych
Jego religia Hinduizm
100%
Gandhi jest często nazywany "ojcem" swojego państwa Indie
100%
… lecz jego imię jest często zastępowane tytułem, znaczącym "dobroduszny" Mahatma
90%
Sprzeciwiał się niepodległości tego kraju w 1947 roku Pakistan
80%
Wiek, w którym się ożenił 13 lat
50%
Gandhi stosował ten rodzaj oporu Bez {przemocy}
50%
Nawoływał Brytyjczyków do poddania się w tej wojnie II Wojna Światowa
50%
Studiował prawo w Inner Temple w tym mieście Londyn
50%
Został zamordowany w tym mieście w 1948 roku Nowe Delhi
50%
Inspirował się tym rosyjskim pisarzem Lew Tołstoj
40%
Imię Gandhiego Mohandas
40%
Aktor, który zagrał Gandhiego w filmie z 1982 roku Ben Kingsley
30%
Poprowadził marsz nad morze, aby zdobyć tę substancję Sól
30%
Jego język ojczysty Gudżarati
20%
Wspierał działania na rzecz grupy ludzi, którzy byli uciskani przez system kastowy. Dalit (uciśnieni)
10%
Jego partia polityczna Indyjski Kongres Narodowy
0%
Przyjaciel Gandhiego, który został pierwszym premierem Indii Jawaharlal Nehru
0%
Żył w tym państwie od 1893 do 1914 Republika Południowej Afryki
0%
Nie znaleziono quizów pasujących do podanych kryteriów
Rozkład punktacji
Procent ludzi z każdym wynikiem
Percentyl według liczby udzielonych odpowiedzi
Twoja historia wyników
Nie rozwiązałeś tego quizu